[Event "Campinas Fujishima Memorial"]
[Site "Campinas"]
[Date "2009.09.27"]
[Round "11"]
[White "Caricatto, Nadia Piccinin"]
[Black "Pereira, Marcio Machado"]
[Result "0-1"]
[WhiteElo "1577"]
[BlackElo "1711"]
[PlyCount "78"]
[EventDate "2009.08.23"]
[EventType "tourn"]
[EventRounds "11"]
[EventCountry "BRA"]
[SourceTitle "EXT 2012"]
[Source "ChessBase"]
[SourceDate "2011.11.24"]
[SourceVersion "1"]
[SourceVersionDate "2011.11.24"]
[SourceQuality "1"]

1. d4 Nf6 2. c4 e6 3. Nf3 Bb4+ 4. Bd2 Bxd2+ 5. Nbxd2 d5 6. e3 c5 7. cxd5 exd5 8. dxc5 Qa5 9. Be2 Qxc5 10. 0-0 0-0 11. Nb3 Qb6 12. Rc1 a5 13. Qd2 Be6 14. Nfd4 Ne4 15. Qc2 Na6 16. Bxa6 Qxa6 17. f3 Nf6 18. Qd2 b6 19. h3 Rfc8 20. Rxc8+ Rxc8 21. Rc1 a4 22. Na1 Qb7 23. Nac2 Qc7 24. Re1 g6 25. Nxe6 Qxc2 26. Re2 Qxd2 27. Rxd2 fxe6 28. g4 Rc1+ 29. Kf2 g5 30. Kg3 Kg7 31. a3 e5 32. h4 h6 33. hxg5 hxg5 34. Kf2 e4 35. f4 Nxg4+ 36. Ke2 gxf4 37. exf4 Nf6 38. Rd4 Rc2+ 39. Ke3 Ng4# 0-1

[Event "Campinas Fujishima Memorial"]
[Site "Campinas"]
[Date "2009.09.19"]
[Round "6"]
[White "Pereira, Marcio Machado"]
[Black "De Moraes, Francisco Jose Baen"]
[Result "1/2-1/2"]
[WhiteElo "1711"]
[BlackElo "1985"]
[PlyCount "129"]
[EventDate "2009.08.23"]
[EventType "tourn"]
[EventRounds "11"]
[EventCountry "BRA"]
[SourceTitle "EXT 2012"]
[Source "ChessBase"]
[SourceDate "2011.11.24"]
[SourceVersion "1"]
[SourceVersionDate "2011.11.24"]
[SourceQuality "1"]

1. d4 Nf6 2. c4 g6 3. Nc3 Bg7 4. e4 d6 5. Nf3 0-0 6. Be2 e5 7. 0-0 Nc6 8. d5 Ne7 9. b4 Nd7 10. Be3 f5 11. c5 f4 12. cxd6 cxd6 13. Bd2 Nf6 14. h3 Bh8 15. Nh2 Rf7 16. Qb3 g5 17. f3 Rg7 18. Nb5 h5 19. Rac1 Ng6 20. Rc3 Nh4 21. Be1 Nxf3+ 22. gxf3 Bxh3 23. Rf2 g4 24. fxg4 hxg4 25. Rxh3 gxh3+ 26. Kh1 Nxe4 27. Bg4 Ng3+ 28. Kg1 Qh4 29. Qf3 e4 30. Qxf4 Re8 31. Be6+ Rxe6 32. Qxh4 Nf5+ 33. Kh1 Nxh4 34. dxe6 d5 35. Bd2 a6 36. Ng4 Re7 37. Nc3 Rxe6 38. Nxd5 Nf3 39. Nh2 Ne5 40. Be3 Rd6 41. Rd2 Nd3 42. Ne7+ Kf7 43. Nf5 Rd5 44. Ng3 Nxb4 45. Nxe4 Rxd2 46. Bxd2 Nxa2 47. Ng5+ Ke7 48. Nxh3 b5 49. Kg2 b4 50. Nf4 b3 51. Nd3 b2 52. Nxb2 Bxb2 53. Kf3 Bc3 54. Bxc3 Nxc3 55. Ke3 Kd6 56. Kd3 Nb5 57. Nf3 Kc5 58. Nd2 Kb4 59. Nc4 Na3 60. Nxa3 Kxa3 61. Kc3 a5 62. Kc2 Ka2 63. Kc1 a4 64. Kc2 Ka1 65. Kc1 1/2-1/2

[Event "Campinas IRT LCX 15th"]
[Site "Campinas"]
[Date "2009.08.23"]
[Round "11"]
[White "Pereira, Marcio Machado"]
[Black "Freire, Rodrigo da Silva"]
[Result "0-1"]
[WhiteElo "1711"]
[BlackElo "1857"]
[PlyCount "34"]
[EventDate "2008.07.24"]
[EventType "tourn"]
[EventRounds "11"]
[EventCountry "BRA"]
[SourceTitle "EXT 2022"]
[Source "ChessBase"]
[SourceDate "2021.10.06"]
[SourceVersion "1"]
[SourceVersionDate "2021.10.06"]
[SourceQuality "1"]

1. d4 Nf6 2. c4 g6 3. Nc3 Bg7 4. e4 d6 5. Nf3 0-0 6. Bg5 h6 7. Bh4 Bg4 8. Be2 Nbd7 9. Bg3 c6 10. Qd2 e5 11. Rd1 Nh5 12. Bh4 g5 13. Nxg5 Bxe2 14. Qxe2 Nf4 15. Qg4 hxg5 16. Bxg5 Nf6 17. Bh6 Nxg4 0-1

[Event "Campinas Fujishima Memorial"]
[Site "Campinas"]
[Date "2009.08.23"]
[Round "2"]
[White "Pereira, Marcio Machado"]
[Black "Goncalves, Marcus Vinicius M"]
[Result "1/2-1/2"]
[WhiteElo "1711"]
[BlackElo "1813"]
[PlyCount "130"]
[EventDate "2009.08.23"]
[EventType "tourn"]
[EventRounds "11"]
[EventCountry "BRA"]
[SourceTitle "EXT 2012"]
[Source "ChessBase"]
[SourceDate "2011.11.24"]
[SourceVersion "1"]
[SourceVersionDate "2011.11.24"]
[SourceQuality "1"]

1. c4 Nf6 2. Nc3 d6 3. d4 g6 4. Nf3 Bg4 5. e4 Bg7 6. h3 Bxf3 7. Qxf3 Nc6 8. d5 Nd4 9. Qd1 e5 10. Bd3 0-0 11. Ne2 Nxe2 12. Qxe2 c6 13. 0-0 cxd5 14. cxd5 Qa5 15. Bd2 Qb6 16. Be3 Qa5 17. Rfc1 Rfc8 18. a3 a6 19. f3 Nh5 20. Qf2 Nf4 21. Bf1 f5 22. exf5 gxf5 23. Bxf4 exf4 24. Rd1 Qc5 25. Qxc5 Rxc5 26. a4 Bxb2 27. Rab1 Be5 28. Rxb7 Ra5 29. Bd3 Rxa4 30. Bxf5 h6 31. Kf1 a5 32. Ke2 Ra2+ 33. Rd2 Rxd2+ 34. Kxd2 a4 35. Bb1 a3 36. Ba2 Rc8 37. Ra7 Rc3 38. Bb1 Kf8 39. Bg6 Rb3 40. Bc2 Re3 41. Bd3 Bb2 42. h4 h5 43. Bc2 Re5 44. Be4 Re7 45. Ra8+ Kf7 46. Kc2 Kf6 47. Kb3 Rb7+ 48. Ka2 Bc1 49. Ra6 Rb2+ 50. Ka1 Rxg2 51. Rxd6+ Ke5 52. Rh6 Kd4 53. Rc6 Bb2+ 54. Ka2 Ke3 55. Kb3 Rh2 56. d6 Rd2 57. Rc5 Rxd6 58. Rxh5 Rb6+ 59. Ka2 Kd4 60. Rd5+ Kc4 61. Ra5 Rh6 62. h5 Rd6 63. Bg6 Rd2 64. Ra4+ Kc3 65. Ra8 Rh2 1/2-1/2

[Event "Campinas IRT LCX 15th"]
[Site "Campinas"]
[Date "2009.08.22"]
[Round "10"]
[White "Freitas, Romeu Salvador"]
[Black "Pereira, Marcio Machado"]
[Result "1-0"]
[WhiteElo "2204"]
[BlackElo "1711"]
[PlyCount "53"]
[EventDate "2008.07.24"]
[EventType "tourn"]
[EventRounds "11"]
[EventCountry "BRA"]
[SourceTitle "EXT 2022"]
[Source "ChessBase"]
[SourceDate "2021.10.06"]
[SourceVersion "1"]
[SourceVersionDate "2021.10.06"]
[SourceQuality "1"]

1. d4 d5 2. c4 c6 3. Nc3 Nf6 4. Nf3 e6 5. cxd5 cxd5 6. Bf4 Nc6 7. e3 Bd7 8. Bd3 Qb6 9. Qe2 Rc8 10. 0-0 Nb4 11. Bb1 Rxc3 12. bxc3 Bb5 13. Qb2 Bxf1 14. Kxf1 Qa6+ 15. Qe2 Qxe2+ 16. Kxe2 Nc6 17. Bd3 a6 18. Rb1 b5 19. a4 bxa4 20. Rb6 Nd8 21. Rxa6 a3 22. Bb5+ Nd7 23. Ra7 Be7 24. Rxd7 a2 25. Ra7+ Kf8 26. Rxa2 f6 27. Ra7 1-0

[Event "Campinas IRT LCX 15th"]
[Site "Campinas"]
[Date "2009.08.15"]
[Round "8"]
[White "Pereira, Marcio Machado"]
[Black "Caricatto, Nadia Piccinin"]
[Result "1-0"]
[WhiteElo "1711"]
[BlackElo "1557"]
[PlyCount "59"]
[EventDate "2008.07.24"]
[EventType "tourn"]
[EventRounds "11"]
[EventCountry "BRA"]
[SourceTitle "EXT 2022"]
[Source "ChessBase"]
[SourceDate "2021.10.06"]
[SourceVersion "1"]
[SourceVersionDate "2021.10.06"]
[SourceQuality "1"]

1. d4 Nf6 2. e3 d5 3. Nf3 Bf5 4. Bd3 Bxd3 5. Qxd3 e6 6. 0-0 Nbd7 7. c4 dxc4 8. Qxc4 Nb6 9. Qc2 Bd6 10. Nc3 0-0 11. e4 Qd7 12. e5 Nbd5 13. exf6 Nxf6 14. Bg5 Rad8 15. Bxf6 gxf6 16. Ne4 Qe7 17. Rfe1 Bf4 18. Rad1 f5 19. Ng3 Bxg3 20. hxg3 Qd6 21. d5 exd5 22. Qxf5 c5 23. Ng5 Qg6 24. Rxd5 Qxf5 25. Rxf5 Rd2 26. Re7 f6 27. Ne4 Re2 28. Nxf6+ Rxf6 29. Rg5+ Kf8 30. Rxe2 1-0

[Event "Campinas IRT LCX 15th"]
[Site "Campinas"]
[Date "2009.08.14"]
[Round "7"]
[White "Menezes Se, Daniel"]
[Black "Pereira, Marcio Machado"]
[Result "0-1"]
[WhiteElo "1606"]
[BlackElo "1711"]
[PlyCount "60"]
[EventDate "2008.07.24"]
[EventType "tourn"]
[EventRounds "11"]
[EventCountry "BRA"]
[SourceTitle "EXT 2022"]
[Source "ChessBase"]
[SourceDate "2021.10.06"]
[SourceVersion "1"]
[SourceVersionDate "2021.10.06"]
[SourceQuality "1"]

1. d4 Nf6 2. Nf3 g6 3. c4 Bg7 4. Nc3 0-0 5. e4 d6 6. Be2 e5 7. 0-0 Nc6 8. d5 Ne7 9. Ne1 Nd7 10. Be3 f5 11. f3 Nf6 12. g3 h6 13. Qd2 g5 14. Nc2 f4 15. gxf4 exf4 16. Bd4 Ng6 17. c5 Nd7 18. Bxg7 Kxg7 19. cxd6 cxd6 20. Nd4 Nde5 21. Ne6+ Bxe6 22. dxe6 g4 23. Nd5 Qh4 24. Qb4 g3 25. h3 Qxh3 26. Rf2 gxf2+ 27. Kxf2 Qg3+ 28. Kf1 Nh4 29. Qxb7+ Kh8 30. Qa6 Rg8 0-1

[Event "Campinas IRT LCX 15th"]
[Site "Campinas"]
[Date "2009.08.12"]
[Round "6"]
[White "Pereira, Marcio Machado"]
[Black "Mello, Marcos Fernando"]
[Result "1-0"]
[WhiteElo "1711"]
[BlackElo "1556"]
[PlyCount "89"]
[EventDate "2008.07.24"]
[EventType "tourn"]
[EventRounds "11"]
[EventCountry "BRA"]
[SourceTitle "EXT 2022"]
[Source "ChessBase"]
[SourceDate "2021.10.06"]
[SourceVersion "1"]
[SourceVersionDate "2021.10.06"]
[SourceQuality "1"]

1. d4 Nf6 2. c4 g6 3. Nc3 Bg7 4. Nf3 0-0 5. Bf4 d6 6. h3 Bf5 7. e3 Nc6 8. Bd3 Bxd3 9. Qxd3 Nb4 10. Qd2 d5 11. cxd5 Nfxd5 12. Bg3 Nxc3 13. bxc3 Nd5 14. c4 Nb6 15. Rc1 e6 16. 0-0 Qd7 17. Rfd1 Rad8 18. Be5 f6 19. Bg3 e5 20. c5 Na4 21. Qb4 e4 22. c6 bxc6 23. Qxa4 exf3 24. Qxc6 Qxc6 25. Rxc6 Rd5 26. Rxc7 fxg2 27. Kxg2 Rf7 28. Rc8+ Bf8 29. Rb1 Kg7 30. Rbb8 Bd6 31. Rg8+ Kh6 32. Rbd8 Bxg3 33. Rxd5 Bc7 34. h4 Re7 35. a4 Rf7 36. a5 Re7 37. a6 f5 38. Rc5 Bb6 39. Rc6 f4 40. d5 fxe3 41. fxe3 Bxe3 42. Re6 Rxe6 43. dxe6 Bc5 44. Rc8 Bb4 45. Rc7 1-0

[Event "Campinas 06"]
[Site "Campinas"]
[Date "2009.06.21"]
[Round "9"]
[White "Pereira, Marcio Machado"]
[Black "Goncalves, Marcus Vinicius M"]
[Result "0-1"]
[WhiteElo "1711"]
[BlackElo "1813"]
[PlyCount "99"]
[EventDate "2009.06.05"]
[EventType "tourn"]
[EventRounds "14"]
[EventCountry "BRA"]
[SourceTitle "EXT 2012"]
[Source "ChessBase"]
[SourceDate "2011.11.24"]
[SourceVersion "1"]
[SourceVersionDate "2011.11.24"]
[SourceQuality "1"]

1. e4 c6 2. d4 d5 3. e5 Bf5 4. Nc3 e6 5. g4 Bg6 6. Nge2 c5 7. h4 h6 8. Be3 cxd4 9. Nxd4 Nc6 10. Bb5 Qc7 11. h5 Bh7 12. Qe2 Bb4 13. 0-0 Nge7 14. a3 Ba5 15. b4 Bb6 16. Na4 Qxe5 17. Nxb6 axb6 18. c4 0-0 19. Nf3 Qe4 20. Nd2 Qd3 21. cxd5 Qxe2 22. Bxe2 Nxd5 23. Nc4 Nxe3 24. fxe3 Rad8 25. Rad1 Bc2 26. Rxd8 Rxd8 27. Bf3 Bd3 28. Rc1 Bxc4 29. Rxc4 Ne5 30. Rf4 Nxf3+ 31. Rxf3 Rd3 32. a4 Ra3 33. b5 Rxa4 34. Rf4 Rxf4 35. exf4 Kf8 36. Kf2 Ke7 37. Ke3 Kd6 38. Kd4 f6 39. Kc4 Ke7 40. Kd4 Kf7 41. Ke4 g6 42. f5 exf5+ 43. gxf5 g5 44. Kf3 Ke7 45. Ke4 Kd6 46. Kd4 g4 47. Ke4 g3 48. Kf3 g2 49. Kxg2 Ke5 50. Kf3 0-1

[Event "Campinas 06"]
[Site "Campinas"]
[Date "2009.06.05"]
[Round "1"]
[White "Pereira, Marcio Machado"]
[Black "Freire, Rodrigo da Silva"]
[Result "0-1"]
[WhiteElo "1711"]
[BlackElo "1857"]
[PlyCount "36"]
[EventDate "2009.06.05"]
[EventType "tourn"]
[EventRounds "14"]
[EventCountry "BRA"]
[SourceTitle "EXT 2022"]
[Source "ChessBase"]
[SourceDate "2021.10.06"]
[SourceVersion "1"]
[SourceVersionDate "2021.10.06"]
[SourceQuality "1"]

1. e4 c6 2. d4 d5 3. e5 Bf5 4. Nc3 e6 5. g4 Bg6 6. Nge2 c5 7. h4 h6 8. Nf4 Bh7 9. Bd3 Bxd3 10. Qxd3 Nc6 11. dxc5 Bxc5 12. Qe2 Qb6 13. Nd3 Bd4 14. Na4 Qa5+ 15. c3 Qxa4 16. cxd4 Nxd4 17. b3 Nxb3 18. Qd1 Qe4+ 0-1

[Event "Campinas LCX 14th"]
[Site "Campinas"]
[Date "2008.12.27"]
[Round "3"]
[White "Pereira, Marcio Machado"]
[Black "Hengles, Roberto Carlos"]
[Result "1-0"]
[WhiteElo "1679"]
[BlackElo "1970"]
[PlyCount "69"]
[EventDate "2008.12.26"]
[EventType "tourn"]
[EventRounds "5"]
[EventCountry "BRA"]
[SourceTitle "EXT 2022"]
[Source "ChessBase"]
[SourceDate "2021.10.06"]
[SourceVersion "1"]
[SourceVersionDate "2021.10.06"]
[SourceQuality "1"]

1. f4 d5 2. Nf3 Nf6 3. e3 Bg4 4. Be2 c6 5. Ne5 Bxe2 6. Qxe2 Nbd7 7. 0-0 Qc7 8. Nxd7 Nxd7 9. b3 e5 10. Bb2 0-0-0 11. Qg4 h5 12. Qf5 exf4 13. Rxf4 Bd6 14. Rh4 f6 15. Nc3 g6 16. Qh3 Be5 17. Na4 f5 18. d4 Bd6 19. Rf1 Rde8 20. c4 dxc4 21. d5 Be5 22. Rxc4 Kb8 23. dxc6 Nb6 24. Bxe5 Rxe5 25. Nxb6 Qxb6 26. c7+ Kc8 27. Re1 Rhe8 28. Kf1 Rxe3 29. Rxe3 Rxe3 30. Qh4 Re8 31. Qf4 Qe6 32. Qd2 Qe5 33. Rd4 Kxc7 34. Qc3+ Kb6 35. Rb4+ 1-0

[Event "Campinas LCX 13th"]
[Site "Campinas"]
[Date "2008.12.12"]
[Round "7"]
[White "Pereira, Marcio Machado"]
[Black "Freire, Rodrigo da Silva"]
[Result "0-1"]
[WhiteElo "1639"]
[BlackElo "1864"]
[PlyCount "102"]
[EventDate "2008.11.29"]
[EventType "tourn"]
[EventRounds "9"]
[EventCountry "BRA"]
[SourceTitle "EXT 2022"]
[Source "ChessBase"]
[SourceDate "2021.10.06"]
[SourceVersion "1"]
[SourceVersionDate "2021.10.06"]
[SourceQuality "1"]

1. b3 d5 2. Bb2 c6 3. f4 Bf5 4. Nf3 Nd7 5. e3 Ngf6 6. d3 Bg4 7. Be2 Bxf3 8. Bxf3 Qc7 9. 0-0 e5 10. fxe5 Nxe5 11. Qe1 Bd6 12. Nd2 0-0-0 13. Qh4 Qe7 14. Rae1 h5 15. Bxe5 Qxe5 16. d4 Qe7 17. Qh3+ Kb8 18. g3 g5 19. Qf5 Rh6 20. Qxg5 Rg6 21. Qh4 Rdg8 22. Bg2 Bb4 23. Rf2 Bxd2 24. Rxd2 Rg4 25. Qh3 h4 26. Kh1 hxg3 27. Bf3 R4g7 28. Rg2 Rh7 29. Qf5 Rxh2+ 30. Rxh2 gxh2 31. Qf4+ Ka8 32. Qxh2 Ne4 33. Rg1 Re8 34. Qh6 Qd8 35. Qf4 Rh8+ 36. Kg2 Rh4 37. Bg4 f5 38. Qxf5 Qb8 39. Kf1 Ng3+ 40. Rxg3 Qxg3 41. Qc8+ Qb8 42. Qf5 Rh8 43. Ke2 Qf8 44. Qe6 Rh2+ 45. Kd3 Qf1+ 46. Kc3 a6 47. Kb2 Rh1 48. Ka3 Qc1+ 49. Kb4 Qxc2 50. a4 a5+ 51. Kxa5 Qxb3 0-1

[Event "Campinas LCX 12th"]
[Site "Campinas"]
[Date "2008.11.07"]
[Round "8"]
[White "Borelli, Guilherme"]
[Black "Pereira, Marcio Machado"]
[Result "1/2-1/2"]
[WhiteElo "1630"]
[BlackElo "1639"]
[PlyCount "35"]
[EventDate "2008.11.07"]
[EventType "tourn"]
[EventRounds "9"]
[EventCountry "BRA"]
[SourceTitle "EXT 2022"]
[Source "ChessBase"]
[SourceDate "2021.10.06"]
[SourceVersion "1"]
[SourceVersionDate "2021.10.06"]
[SourceQuality "1"]

1. d4 Nf6 2. Nf3 d6 3. c4 g6 4. Nc3 Bg7 5. Bg5 0-0 6. e3 Nc6 7. h3 e5 8. Be2 exd4 9. Nxd4 Nxd4 10. Qxd4 h6 11. Bxf6 Qxf6 12. Qxf6 Bxf6 13. Rc1 Bf5 14. Kd2 c6 15. Bd3 Bxd3 16. Kxd3 Bxc3 17. Kxc3 Rfd8 18. e4 1/2-1/2

[Event "Campinas Pucci Memorial 11th"]
[Site "Campinas"]
[Date "2008.10.27"]
[Round "7"]
[White "Caricatto, Nadia Piccinin"]
[Black "Pereira, Marcio Machado"]
[Result "0-1"]
[WhiteElo "1699"]
[BlackElo "1639"]
[PlyCount "48"]
[EventDate "2008.10.24"]
[EventType "tourn"]
[EventRounds "9"]
[EventCountry "BRA"]
[SourceTitle "EXT 2022"]
[Source "ChessBase"]
[SourceDate "2021.10.06"]
[SourceVersion "1"]
[SourceVersionDate "2021.10.06"]
[SourceQuality "1"]

1. d4 Nf6 2. c4 d6 3. Nf3 g6 4. Nc3 Bg7 5. e4 0-0 6. Bg5 Nbd7 7. Be2 h6 8. Bh4 Kh7 9. 0-0 e5 10. dxe5 dxe5 11. Qc2 g5 12. Bg3 Nh5 13. Nxg5+ Qxg5 14. Bxh5 Qxh5 15. f3 Nc5 16. Qe2 Rd8 17. Bf2 Ne6 18. Rfd1 Nd4 19. Qd3 c6 20. Ne2 Nxf3+ 21. Qxf3 Rxd1+ 22. Rxd1 Bg4 23. Ng3 Bxf3 24. Nxh5 Bxd1 0-1

[Event "Campinas IRT LCX 10th"]
[Site "Campinas"]
[Date "2008.08.11"]
[Round "8"]
[White "Goncalves, Marcus Vinicius M"]
[Black "Pereira, Marcio Machado"]
[Result "1-0"]
[WhiteElo "1790"]
[BlackElo "1639"]
[PlyCount "53"]
[EventDate "2008.08.01"]
[EventType "tourn"]
[EventRounds "11"]
[EventCountry "BRA"]
[SourceTitle "EXT 2022"]
[Source "ChessBase"]
[SourceDate "2021.10.06"]
[SourceVersion "1"]
[SourceVersionDate "2021.10.06"]
[SourceQuality "1"]

1. d4 Nf6 2. c4 g6 3. Nc3 d5 4. cxd5 Nxd5 5. e4 Nxc3 6. bxc3 Bg7 7. Nf3 c5 8. Be3 Qa5 9. Qd2 Nc6 10. Be2 cxd4 11. cxd4 Qxd2+ 12. Kxd2 0-0 13. Rac1 Rd8 14. Rc4 Na5 15. Rc7 Bd7 16. Rhc1 Rac8 17. d5 Rxc7 18. Rxc7 Kf8 19. Bxa7 Ke8 20. Rc5 Nc6 21. dxc6 Bxc6+ 22. Ke3 Bh6+ 23. Ng5 Bxg5+ 24. Rxg5 f6 25. Ra5 e5 26. Bb5 Rd6 27. Bc5 1-0

[Event "Campinas IRT LCX 10th"]
[Site "Campinas"]
[Date "2008.08.11"]
[Round "2"]
[White "Pereira, Marcio Machado"]
[Black "Magalhaes, Ricardo Acacio"]
[Result "1-0"]
[WhiteElo "1639"]
[BlackElo "1880"]
[PlyCount "20"]
[EventDate "2008.08.01"]
[EventType "tourn"]
[EventRounds "11"]
[EventCountry "BRA"]
[SourceTitle "EXT 2022"]
[Source "ChessBase"]
[SourceDate "2021.10.06"]
[SourceVersion "1"]
[SourceVersionDate "2021.10.06"]
[SourceQuality "1"]

1. c4 Nf6 2. Nc3 e6 3. e3 Bb4 4. Nf3 Bxc3 5. bxc3 0-0 6. d4 d6 7. Be2 Nc6 8. 0-0 Qe7 9. Rb1 b6 10. Qc2 Bb7 1-0

[Event "Campinas IRT LCX 10th"]
[Site "Campinas"]
[Date "2008.08.10"]
[Round "1"]
[White "Deus Filho, Joaquim"]
[Black "Pereira, Marcio Machado"]
[Result "1-0"]
[WhiteElo "2061"]
[BlackElo "1639"]
[PlyCount "107"]
[EventDate "2008.08.01"]
[EventType "tourn"]
[EventRounds "11"]
[EventCountry "BRA"]
[SourceTitle "EXT 2022"]
[Source "ChessBase"]
[SourceDate "2021.10.06"]
[SourceVersion "1"]
[SourceVersionDate "2021.10.06"]
[SourceQuality "1"]

1. e4 e6 2. d3 d5 3. Nd2 Bc5 4. g3 c6 5. Bg2 Qb6 6. Qe2 Nd7 7. Ngf3 Ne7 8. 0-0 0-0 9. c3 d4 10. Nc4 Qc7 11. cxd4 Bb6 12. h4 h6 13. Bf4 Qd8 14. h5 Nf6 15. Nxb6 axb6 16. Qe3 Ng4 17. Qd2 f5 18. e5 Qe8 19. Bh3 Qxh5 20. Bxg4 fxg4 21. Nh2 Ng6 22. Be3 c5 23. Qe2 Bd7 24. Qxg4 Qxg4 25. Nxg4 cxd4 26. Bxd4 h5 27. Ne3 h4 28. Kh2 Ra4 29. Bc3 Bc6 30. b3 hxg3+ 31. fxg3 Raa8 32. a4 Kh7 33. d4 Rh8 34. d5 Kg8+ 35. Kg2 exd5 36. Bd4 Ne7 37. Rf4 Bd7 38. g4 Ng6 39. Rff1 Bc6 40. Kg3 b5 41. axb5 Rxa1 42. Rxa1 Bxb5 43. Nxd5 Bc6 44. Ne3 Kf7 45. Nf5 Re8 46. Nd6+ Ke7 47. Nxe8 Bxe8 48. Rc1 Bd7 49. g5 Nf8 50. e6 Nxe6 51. Bxg7 Kf7 52. Bf6 Kg6 53. Rd1 Nc5 54. b4 1-0

[Event "Campinas IRT LCX 05th"]
[Site "Campinas"]
[Date "2008.04.11"]
[Round "12"]
[White "Rouanet, Luiz Paulo"]
[Black "Pereira, Marcio Machado"]
[Result "1-0"]
[WhiteElo "2056"]
[BlackElo "1656"]
[PlyCount "94"]
[EventDate "2008.03.21"]
[EventType "tourn"]
[EventRounds "13"]
[EventCountry "BRA"]
[SourceTitle "EXT 2022"]
[Source "ChessBase"]
[SourceDate "2021.10.06"]
[SourceVersion "1"]
[SourceVersionDate "2021.10.06"]
[SourceQuality "1"]

1. e4 Nf6 2. e5 Nd5 3. d4 d6 4. exd6 exd6 5. Bc4 Nb6 6. Bb3 Be7 7. Be3 0-0 8. Nf3 Bg4 9. Nbd2 N8d7 10. h3 Bh5 11. g4 Bg6 12. c3 Re8 13. h4 h5 14. g5 Kh7 15. Bc2 Bxc2 16. Qxc2+ g6 17. c4 Bf8 18. 0-0-0 Bg7 19. Rhe1 a5 20. Nh2 Qe7 21. Nhf3 Qf8 22. Nb1 d5 23. Na3 dxc4 24. Nxc4 Nd5 25. Bd2 Rxe1 26. Rxe1 Nb4 27. Qb3 c5 28. Bxb4 axb4 29. Nfe5 Nxe5 30. dxe5 b5 31. Nd6 c4 32. Qxb4 Rxa2 33. Kc2 Qa8 34. Re3 Qg2 35. Qd2 c3 36. Kxc3 Qc6+ 37. Kb3 Qa6 38. Qb4 Ra1 39. Qxb5 Qa2+ 40. Kc3 Rc1+ 41. Kd2 Qb1 42. Qb3 Rf1 43. Re2 Qc1+ 44. Kd3 Rd1+ 45. Ke4 Qc6+ 46. Kf4 Rd4+ 47. Re4 Bxe5+ 1-0

[Event "Campinas IRT LCX 05th"]
[Site "Campinas"]
[Date "2008.03.21"]
[Round "1"]
[White "Labegalini, Antonio Luiz"]
[Black "Pereira, Marcio Machado"]
[Result "1-0"]
[WhiteElo "1882"]
[BlackElo "1656"]
[PlyCount "65"]
[EventDate "2008.03.21"]
[EventType "tourn"]
[EventRounds "13"]
[EventCountry "BRA"]
[SourceTitle "EXT 2022"]
[Source "ChessBase"]
[SourceDate "2021.10.06"]
[SourceVersion "1"]
[SourceVersionDate "2021.10.06"]
[SourceQuality "1"]

1. c4 Nf6 2. Nc3 g6 3. d4 Bg7 4. e4 d6 5. g3 0-0 6. Bg2 c5 7. d5 Nbd7 8. Bf4 Nb6 9. Qd3 Ng4 10. h3 Ne5 11. Bxe5 Bxe5 12. Nge2 Bd7 13. f4 Bg7 14. a4 a5 15. g4 f5 16. exf5 gxf5 17. g5 Qe8 18. b3 Qg6 19. h4 h5 20. 0-0-0 Nc8 21. Rhe1 Ra6 22. Ng3 Rb6 23. Nb5 Bh8 24. Re2 Qg7 25. Nxh5 Qa1+ 26. Qb1 Bxb5 27. Qxa1 Bxa1 28. axb5 Kh7 29. Kc2 Bd4 30. Ng3 Na7 31. Nxf5 Nxb5 32. cxb5 Rxb5 33. Nxd4 1-0